Chanteurs et groupes par lettre - D - Statistiques

Statistiques générales
  • Ce quiz a été pris 1 155 fois
  • Le résultat moyen est 11 sur 20
Statistiques - réponses
Période d’activité Pays Chansons Groupe ou artiste % Correct
1997 - Get Lucky | Around the World Daft Punk
90%
1954 - 1987 Paroles paroles | Mourir sur scène Dalida
86%
1994 - 2012 La boulette | Jeune demoiselle Diam’s
86%
1971 - 1986 Mon fils ma bataille | Le chanteur Daniel Balavoine
84%
1990 - Titanium | Memories David Guetta
72%
2009 - One Dance | God's Plan Drake
69%
1984 - Voyage voyage | John Desireless
67%
2006 - Macarena | Mwaka Moon Damso
63%
1963 - Vanina | Du coté de chez Swan Dave
56%
2017 - New Rules | Don't Start Now Dua Lipa
54%
1967 - 2016 Heroes | Space Oddity David Bowie
46%
1988 - 2004 Nuit de folie | La vie la nuit Début de Soirée
46%
1981 - Personal Jesus | Enjoy the Silence Depeche Mode
45%
1998 - 2006 Say My Name | Independent Women, Pt.1 Destiny's Child
42%
1978 - 1995 Sultans of Swing | Money For Nothing Dire Straits
40%
1987 - 1990 Est-ce que tu viens pour les vacances ? | Bella Vita David et Jonathan
37%
1967 - 9 to 5 | Jolene Dolly Parton
31%
1974 - 2012 I Feel Love | Hot Stuff Donna Summer
30%
1967 - 1973 Light My Fire | Riders on the Storm The Doors
28%
1992 - Nuthin' but a "G" Thang | Keep Their Heads Ringin' Dr. Dre
17%
Aucun quiz correspondant
Distribution des résultats
% des personnes avec chaque résultat
Percentile par nombre de réponses
Votre historique - résultats
Vous n’avez pas pris ce quiz